| 000 | 02253cam a22003494i 4500 | ||
|---|---|---|---|
| 003 | PE-LiUPU | ||
| 005 | 20250923105424.0 | ||
| 008 | 2020xxxxes pe a rb 000 0 spa d | ||
| 020 | _a9788412023527 | ||
| 035 | _aPE-LiUPU000013 | ||
| 040 |
_aPE-LiUPU _bspa _cPE-LiUPU _erda |
||
| 082 | 0 | 4 |
_a668.54 _bR934u _223 |
| 100 |
_aRuiz García, Manuel, _eautor. _96891 |
||
| 245 | 1 | 4 |
_aEl mundo de los aceites esenciales : _bla guía definitiva / _cPor Manuel Ruiz García, Álex R. Cardenete y Jesús R. Cardenete. |
| 264 | 1 |
_aMadrid : _bAMV Ediciones, _c2020. |
|
| 300 |
_a317 páginas : _bilustraciones a color ; _c24 cm |
||
| 336 |
_atexto _2rdacontent |
||
| 337 |
_aunmediated _2rdamedia |
||
| 338 |
_avolumen _2rdacarrier |
||
| 504 | _aIncluye índice temático, glosario, apéndices y monografías de aceites esenciales. | ||
| 505 | 0 | _aSistemas de recolección y producción -- Calidad de los aceites esenciales -- Análisis, control e investigación de los aceites esenciales -- Monografías de aceites esenciales españoles -- Monografías de aceites esenciales no españoles -- Aceites esenciales ecológicos -- -- Aceites esenciales deterpenados , sesquideterpenados y Top Notes -- Comentarios a las monografías desarrolladas -- Identificación de la presencia y porcentaje d unos o varios aceites en una fragancia, aroma alimentario u otra composición -- Epílogo -- Glosario. | |
| 520 | _aGuía completa y actualizada sobre aceites esenciales, con enfoque técnico y divulgativo: identificación, quimiotipos, propiedades, historia y aplicaciones. Incluye monografías por tipo de aceite y región, orientado a investigadores, terapeutas y público interesado en aromaterapia. | ||
| 650 | 1 | 4 |
_aAceites esenciales _xProducción. _96892 |
| 650 | 2 | 4 |
_aAceites esenciales _xPropiedades químicas. _96893 |
| 650 | 2 | 4 |
_aAceites esenciales _xAplicaciones terapéuticas. _96894 |
| 650 | 2 | 4 |
_aAromaterapia _xGuías y manuales. _96895 |
| 700 |
_aCardenete, Álex R., _eautor. _96896 |
||
| 700 |
_aCardenete, Jesús R., _eautor. _96897 |
||
| 856 | 4 | 0 |
_uhttps://amvediciones.com/producto/el-mundo-de-los-aceites-esenciales _zFicha editorial en línea. |
| 942 |
_2ddc _cBK |
||
| 980 |
_621515 _aROMINA COBOS Adquisiciones _818226 _gJaime Vilcazán Jefe de Análisis Documental |
||
| 999 |
_c63055 _d63054 |
||